Nezmyselná rusofóbia od hysterického vyvolávania po možné neželané následky – I

Západná mediálno-politická mašinéria ako živná pôda pre šírenie dezinformácií. Aféra Vrbětice po 6 a pol roku ako prejav hoaxu a dezinformačnej kampane v hybridnej vojne Západu proti Rusku. Pseudosolidarita slovenskej vládnej štvorkoalície vedenej Matovičom.

Gespeichert in:
Bibliographische Detailangaben
1. Verfasser: Škvrnda, František
Format: Buchkapitel
Sprache:Slowakisch
Schlagworte:
Tags: Tag hinzufügen
Keine Tags, Fügen Sie das erste Tag hinzu!

MARC

LEADER 00000naa a2200000 4500
001 0279025
005 20240502074331.0
041 0 |a slo 
044 |a SK 
245 1 0 |a Nezmyselná rusofóbia od hysterického vyvolávania po možné neželané následky – I  |c František Škvrnda 
520 |a Západná mediálno-politická mašinéria ako živná pôda pre šírenie dezinformácií. Aféra Vrbětice po 6 a pol roku ako prejav hoaxu a dezinformačnej kampane v hybridnej vojne Západu proti Rusku. Pseudosolidarita slovenskej vládnej štvorkoalície vedenej Matovičom. 
610 2 0 |a dezinformácie 
610 2 0 |a politika 
610 2 0 |a Rusko 
100 1 |a Škvrnda, František